<?xml version="1.0" encoding="UTF-8"?>
<record
    xmlns:xsi="http://www.w3.org/2001/XMLSchema-instance"
    xsi:schemaLocation="http://www.loc.gov/MARC21/slim http://www.loc.gov/standards/marcxml/schema/MARC21slim.xsd"
    xmlns="http://www.loc.gov/MARC21/slim">

  <leader>01083nam0a22002651  4500</leader>
  <controlfield tag="001">v19\rc\1735826</controlfield>
  <controlfield tag="005">20260406084823.0</controlfield>
  <datafield tag="035" ind1=" " ind2=" ">
    <subfield code="a">(NLR Aleph) 004830263</subfield>
  </datafield>
  <datafield tag="090" ind1=" " ind2=" ">
    <subfield code="a">4714665</subfield>
    <subfield code="c">4714665</subfield>
  </datafield>
  <datafield tag="100" ind1=" " ind2=" ">
    <subfield code="a">20061002d1902    |||y0rusy50      ca</subfield>
  </datafield>
  <datafield tag="101" ind1="1" ind2=" ">
    <subfield code="a">rus</subfield>
    <subfield code="c">ger</subfield>
  </datafield>
  <datafield tag="102" ind1=" " ind2=" ">
    <subfield code="a">RU</subfield>
  </datafield>
  <datafield tag="105" ind1=" " ind2=" ">
    <subfield code="a">y   z   |||a|</subfield>
  </datafield>
  <datafield tag="200" ind1="1" ind2=" ">
    <subfield code="a">&#x416;&#x430;&#x436;&#x434;&#x430; &#x436;&#x438;&#x437;&#x43D;&#x438;</subfield>
    <subfield code="e">&#x414;&#x440;&#x430;&#x43C;&#x430; &#x432; 3 &#x434;.</subfield>
    <subfield code="f">&#x410;&#x434;&#x43E;&#x43B;&#x44C;&#x444; &#x424;&#x435;&#x434;&#x43E;&#x440;&#x43E;&#x432;</subfield>
    <subfield code="g">&#x41F;&#x435;&#x440;. &#x441; &#x43D;&#x435;&#x43C;. &#x418;.&#x411;. &#x41C;&#x430;&#x43D;&#x434;&#x435;&#x43B;&#x44C;&#x448;&#x442;&#x430;&#x43C;</subfield>
  </datafield>
  <datafield tag="210" ind1=" " ind2=" ">
    <subfield code="a">&#x41C;&#x43E;&#x441;&#x43A;&#x432;&#x430;</subfield>
    <subfield code="c">&#x43B;&#x438;&#x442;. &#x41C;&#x43E;&#x441;&#x43A;. &#x442;&#x435;&#x430;&#x442;&#x440;. &#x431;-&#x43A;&#x438; &#x421;.&#x424;. &#x420;&#x430;&#x441;&#x441;&#x43E;&#x445;&#x438;&#x43D;&#x430;</subfield>
    <subfield code="d">&#x446;&#x435;&#x43D;&#x437;. 1902</subfield>
  </datafield>
  <datafield tag="215" ind1=" " ind2=" ">
    <subfield code="a">116 &#x441;.</subfield>
    <subfield code="d">22</subfield>
  </datafield>
  <datafield tag="309" ind1=" " ind2=" ">
    <subfield code="a">&#x41D;&#x430;&#x43F;&#x438;&#x441;&#x430;&#x43D;&#x43E; &#x43E;&#x442; &#x440;&#x443;&#x43A;&#x438;. &#x41B;&#x438;&#x442;&#x43E;&#x433;&#x440;.</subfield>
  </datafield>
  <datafield tag="700" ind1=" " ind2="1">
    <subfield code="7">ca</subfield>
    <subfield code="8">rus</subfield>
    <subfield code="a">&#x424;&#x435;&#x434;&#x43E;&#x440;&#x43E;&#x432;</subfield>
    <subfield code="b">&#x410;. &#x424;.</subfield>
    <subfield code="c">&#x43F;&#x435;&#x434;&#x430;&#x433;&#x43E;&#x433;, &#x434;&#x440;&#x430;&#x43C;&#x430;&#x442;&#x443;&#x440;&#x433;</subfield>
    <subfield code="f">1864-1928</subfield>
    <subfield code="g">&#x410;&#x434;&#x43E;&#x43B;&#x44C;&#x444; &#x424;&#x435;&#x434;&#x43E;&#x440;&#x43E;&#x432;&#x438;&#x447;</subfield>
    <subfield code="3">RU\NLR\AUTH\770279461</subfield>
    <subfield code="9">2651428</subfield>
  </datafield>
  <datafield tag="702" ind1=" " ind2="1">
    <subfield code="4">730</subfield>
    <subfield code="7">ca</subfield>
    <subfield code="8">rus</subfield>
    <subfield code="a">&#x41C;&#x430;&#x43D;&#x434;&#x435;&#x43B;&#x44C;&#x448;&#x442;&#x430;&#x43C;</subfield>
    <subfield code="b">&#x418;. &#x411;.</subfield>
    <subfield code="f">1885-1954</subfield>
    <subfield code="g">&#x418;&#x441;&#x430;&#x439; &#x411;&#x435;&#x43D;&#x435;&#x434;&#x438;&#x43A;&#x442;&#x43E;&#x432;&#x438;&#x447;</subfield>
    <subfield code="9">133045</subfield>
    <subfield code="3">RU\NLR\AUTH\770133079</subfield>
  </datafield>
  <datafield tag="801" ind1=" " ind2="0">
    <subfield code="a">RU</subfield>
    <subfield code="b">NLR</subfield>
    <subfield code="g">psbo</subfield>
  </datafield>
  <datafield tag="801" ind1=" " ind2="1">
    <subfield code="a">RU</subfield>
    <subfield code="b">ProSoft-M</subfield>
    <subfield code="2">rusmarc</subfield>
  </datafield>
  <datafield tag="852" ind1=" " ind2=" ">
    <subfield code="a">NLR</subfield>
    <subfield code="j">38.8.9.7</subfield>
  </datafield>
  <datafield tag="942" ind1=" " ind2=" ">
    <subfield code="c">BOOK</subfield>
  </datafield>
  <datafield tag="980" ind1=" " ind2=" ">
    <subfield code="a">NB</subfield>
  </datafield>
  <datafield tag="995" ind1=" " ind2=" ">
    <subfield code="5">2013-10-26</subfield>
    <subfield code="b">NLR02</subfield>
    <subfield code="c">NLR02</subfield>
    <subfield code="e">RFS</subfield>
    <subfield code="f">4830263-10</subfield>
    <subfield code="k">38.8.9.7</subfield>
    <subfield code="o">0</subfield>
    <subfield code="r">BOOK</subfield>
    <subfield code="s">38897_</subfield>
  </datafield>
</record>
